Pekeliling-pekeliling mengenai pembaharuan dalam perkhidmatan awam Malaysia (1991-1996)

Bibliographic Details
Main Author: AHMAD Sarji bin Abdul Hamid 1938-
Format: Book
Published: Kuala Lumpur : Jabatan Perdana Menteri , 1996
Subjects:

MARC

LEADER 00000cam a2200000 7i4500
001 0000001352
005 20010601.0
090 0 0 |a 354.595007   |b AHM 1996 
100 0 0 |a AHMAD Sarji bin Abdul Hamid   |f Tan Sri Dato' Seri   |c 1938- 
245 1 0 |a Pekeliling-pekeliling mengenai pembaharuan dalam perkhidmatan awam Malaysia (1991-1996)   |c dikeluarkan oleh Tan Sri Dato' Ahmad Sarji bin Abdul Hamid, Ketua Setiausaha Negara 
260 0 0 |a Kuala Lumpur :   |b Jabatan Perdana Menteri ,   |c 1996 
300 |a Various pagings 
650 0 0 |a Civil service   |z Malaysia 
650 0 0 |a Public administration   |z Malaysia 
998 |a JPSM 
999 |a 0000002542   |b Monograph   |c Open Shelf   |e Default branch 
999 |a 0000004644   |b Monograph   |c Open Shelf   |e Default branch